000 00473nam a2200181 i 4500
001 bg
100 1 _aDitfurth, Hoimar von
_d(1921-1989).
245 1 0 _aDzieci wszechświata /
_cHoimar von Ditfurth.
250 _a[Wyd.4].
260 _aWarszawa,
_c1990.
490 1 _aBiblioteka Myśli Współczesnej
830 _aBiblioteka Myśli Współczesnej
040 _cBPK
041 _apol
080 _a52:577
942 _cKS
008 s pl f |000 0 pol
999 _c29099
_d29099
856 _uhttp://koha.tu.koszalin.pl/cgi-bin/koha/opac-detail.pl?biblionumber=29099
_yKatalog online BPK